00205nam a2200085Ia 4500008004100000100002700041245002700068260001500095300000900110190216s9999||||xx |||||||||||||| ||und|| aHrishikesh Chakraborty 0aManagement Accountancy bNullc1976 a778p